000 00457nam a2200193Ia 4500
005 20240823012639.0
008 240823s9999||||xx |||||||||||||| ||und||
020 _a0-440-21898-5
041 _aENGLISH
082 _A823 N4
100 _a"Yolen,Jane"
245 0 _a2041 Twelve Short Stories about the Future
250 _a1st
260 _c1994
_b"Dell,New"
500 _aYES
650 _aEnglish Fiction
_bGeneral
942 _cBK
999 _c164999
_d164999